000 01335nam a2200349Ia 4500
001 ebr10660245
003 CaPaEBR
006 m u
007 cr cn|||||||||
008 090715s2009 nyu sb 001 0 eng d
010 _z 2009455417
020 _z1606925547
020 _z9781606925546
020 _z9781608765645 (ebook)
040 _aCaPaEBR
_cCaPaEBR
035 _a(OCoLC)593295540
050 1 4 _aKF9625
_b.E54 2009eb
082 0 4 _a341.65
_222
245 0 0 _aEnemy combatant detainees
_h[electronic resource] /
_cEarl P. Bettinton, editor.
260 _aNew York :
_bNova Science Publishers,
_cc2009.
300 _aix, 103 p.
504 _aIncludes bibliographical references and index.
533 _aElectronic reproduction.
_bPalo Alto, Calif. :
_cebrary,
_d2013.
_nAvailable via World Wide Web.
_nAccess may be limited to ebrary affiliated libraries.
650 0 _aDetention of persons
_zUnited States.
650 0 _aHabeas corpus
_zUnited States.
650 0 _aPolice questioning
_zUnited States.
650 0 _aTerrorists
_xLegal status, laws, etc.
_zUnited States.
655 7 _aElectronic books.
_2local
700 1 _aBettinton, Earl P.
710 2 _aebrary, Inc.
856 4 0 _uhttp://site.ebrary.com/lib/rucke/Doc?id=10660245
_zAn electronic book accessible through the World Wide Web; click to view
999 _c66618
_d66618